Výpověď nadbytečnému pracovníku z důvodu organizačních změn.

Rôzne modifikácie, ktoré môžu prichádzať do úvahy pri nadbytočnosti pracovníka spôsobenej organizačnými zmenami. Povinnosti súdov pri rozhodovaní o neplatnosti výpovede. Neprípustnosť zasahovania súdov do rozhodovacej právomoci organizácií o zložení pracovných kolektívov.

Saved in:
Bibliographic Details
Main Author: Hochman, J.
Format: Book Chapter
Language:Czech
Subjects:
Tags: Add Tag
No Tags, Be the first to tag this record!

MARC

LEADER 00000naa a2200000 4500
001 r006389
005 20221125081047.7
041 0 |a cze 
044 |a [CS] 
245 1 0 |a Výpověď nadbytečnému pracovníku z důvodu organizačních změn.  |c J. Hochman 
520 |a Rôzne modifikácie, ktoré môžu prichádzať do úvahy pri nadbytočnosti pracovníka spôsobenej organizačnými zmenami. Povinnosti súdov pri rozhodovaní o neplatnosti výpovede. Neprípustnosť zasahovania súdov do rozhodovacej právomoci organizácií o zložení pracovných kolektívov. 
610 2 0 |a výpoveď 
610 2 0 |a organizácia podniku 
610 2 0 |a organizácia pracoviska 
610 2 0 |a zmeny štruktúrne 
100 1 |a Hochman, J.